<?xml version="1.0" encoding="UTF-8"?>
<record
    xmlns:xsi="http://www.w3.org/2001/XMLSchema-instance"
    xsi:schemaLocation="http://www.loc.gov/MARC21/slim http://www.loc.gov/standards/marcxml/schema/MARC21slim.xsd"
    xmlns="http://www.loc.gov/MARC21/slim">

  <leader>03642nam a22002657a 4500</leader>
  <controlfield tag="003">DO-SdBJH</controlfield>
  <controlfield tag="005">20260701202245.0</controlfield>
  <controlfield tag="008">260630b2025    ||| |||| |||| 00| 0 spa d</controlfield>
  <datafield tag="040" ind1=" " ind2=" ">
    <subfield code="a">DO-SdBJH</subfield>
    <subfield code="b">spa</subfield>
    <subfield code="c">DO-SdBJH</subfield>
  </datafield>
  <datafield tag="041" ind1="0" ind2=" ">
    <subfield code="a">spa</subfield>
  </datafield>
  <datafield tag="090" ind1=" " ind2=" ">
    <subfield code="a">CT CM-0005</subfield>
    <subfield code="b">AMBC 2025</subfield>
  </datafield>
  <datafield tag="100" ind1="1" ind2=" ">
    <subfield code="a">Feliz Cuevas, Karla</subfield>
    <subfield code="e">sustentante</subfield>
  </datafield>
  <datafield tag="245" ind1="1" ind2="0">
    <subfield code="a">Adaptaci&#xF3;n de las operciones militares del Ej&#xE9;rcito de Rep&#xFA;blica Dominicana ante las nuevas amenazas del siglo XXI /</subfield>
    <subfield code="c">Karla Feliz Cuevas ; asesor metodol&#xF3;gico Reynaldo Cruz Camacho ; asesor de contenido Juan Roque P&#xE9;rez.</subfield>
  </datafield>
  <datafield tag="260" ind1=" " ind2=" ">
    <subfield code="a">Santo Domingo, Rep&#xFA;blica Dominicana :</subfield>
    <subfield code="b">UNADE,</subfield>
    <subfield code="c">2025.</subfield>
  </datafield>
  <datafield tag="300" ind1=" " ind2=" ">
    <subfield code="a">xiii, 60, [02] p&#xE1;ginas :</subfield>
    <subfield code="b">Gr&#xE1;ficas.</subfield>
  </datafield>
  <datafield tag="502" ind1=" " ind2=" ">
    <subfield code="a">Tesis y trabajos de grado (Licenciatura en Ciencias Militares) -- Universidad Nacional para la Defensa "General Juan Pablo Duarte y D&#xED;ez", Academia Militar "Batalla de las Carreras", Santo Domingo, 2025.</subfield>
  </datafield>
  <datafield tag="504" ind1=" " ind2=" ">
    <subfield code="a">Incluye referencias bibliogr&#xE1;ficas y anexos.</subfield>
  </datafield>
  <datafield tag="505" ind1=" " ind2=" ">
    <subfield code="a">Caracterizaci&#xF3;n de las nuevas amenazas del siglo XXI en la Rep&#xFA;blica Dominicana -- Capacidades operativas, tecnol&#xF3;gicas y doctrinales del Ej&#xE9;rcito de Rep&#xFA;blica Dominicana -- Adaptaci&#xF3;n de las operaciones del Ej&#xE9;rcito de Rep&#xFA;blica Dominicana ante las Nuevas amenazas.</subfield>
  </datafield>
  <datafield tag="520" ind1=" " ind2=" ">
    <subfield code="a">La monograf&#xED;a titulada Adaptaci&#xF3;n de las operaciones militares del Ejercito de Rep&#xFA;blica Dominicana ante las nuevas amenazas  del siglo XXI, analiza los desaf&#xED;os que enfrenta el Ejercito dominicano frente a un entorno de seguridad global caracterizado por amenazas tecnol&#xF3;gicas. El estudio reviste gran importancia al contribuir a la modernizaci&#xF3;n doctrinal y operativa de las Fuerzas Armadas, en un contexto donde fen&#xF3;menos como el crimen organizado, el narcotr&#xE1;fico, la migraci&#xF3;n irregular, las ciberamenazas y los desastres naturales impactan directamente la seguridad nacional. El prop&#xF3;sito fundamental de esta investigaci&#xF3;n fue determinar el grado de adaptaci&#xF3;n de las operaciones militares  del Ejercito ante estas amenazas emergentes, identificando sus limitaciones doctrinales, operativas y tecnol&#xF3;gicas y proporcionando estrategias de transformaci&#xF3;n integral. La metodolog&#xED;a empleada se baso en un enfoque cualitativo con apoyo cuantitativo, de tipo descriptivo y explicativo, utilizando an&#xE1;lisis documental, entrevistas semiestructuradas y estudios de casos sobre operaciones militares recientes. El principal hallazgo evidencia que, aunque existe un reconocimiento institucional sobre la necesidad de una doctrina de seguridad multidimensional , las practicas operativas del Ejercito permanecen ancladas en paradigmas tradicionales. Asimismo, se identifican debilidades criticas en capacidades de ciberdefensas, inteligencia tecnol&#xF3;gica y movilidad estrat&#xE9;gica, junto con una limitada coordinaci&#xF3;n integral. Como conclusi&#xF3;n, el estudio propone impulsar una reforma doctrinal y tecnol&#xF3;gica que incluya la creaci&#xF3;n en un Comando de Ciberdefensa , la adopci&#xF3;n de una doctrina adaptativa y el fortalecimiento de la cooperaci&#xF3;n internacional y la formaci&#xF3;n especializada, garantizando as&#xED; la preparaci&#xF3;n del Ejercito dominicano para los retos multidimensionales del siglo XXI.</subfield>
  </datafield>
  <datafield tag="650" ind1=" " ind2="7">
    <subfield code="2">lemb</subfield>
    <subfield code="a">Seguridad nacional</subfield>
    <subfield code="v">Tesis y disertaciones acad&#xE9;micas</subfield>
    <subfield code="x">Amenazas emergentes</subfield>
    <subfield code="x">Prevenci&#xF3;n</subfield>
    <subfield code="y">Siglo XXI</subfield>
    <subfield code="z">Rep&#xFA;blica Dominicana</subfield>
  </datafield>
  <datafield tag="650" ind1=" " ind2="7">
    <subfield code="2">lemb</subfield>
    <subfield code="a">Ej&#xE9;rcito de Rep&#xFA;blica Dominicana</subfield>
    <subfield code="v">Tesis y disertaciones acad&#xE9;micas</subfield>
    <subfield code="x">Capacidad militar</subfield>
    <subfield code="x">Estrategia militar</subfield>
    <subfield code="x">Adaptaci&#xF3;n operacional</subfield>
    <subfield code="y">Siglo XXI</subfield>
    <subfield code="z">Rep&#xFA;blica Dominicana</subfield>
  </datafield>
  <datafield tag="700" ind1="1" ind2=" ">
    <subfield code="a">Cruz Camacho, Reynaldo</subfield>
    <subfield code="e">asesor metodol&#xF3;gico</subfield>
  </datafield>
  <datafield tag="700" ind1="1" ind2=" ">
    <subfield code="a">Roque P&#xE9;rez, Juan</subfield>
    <subfield code="e">asesor de contenido</subfield>
  </datafield>
  <datafield tag="942" ind1=" " ind2=" ">
    <subfield code="2">CL</subfield>
    <subfield code="c">T</subfield>
  </datafield>
  <datafield tag="999" ind1=" " ind2=" ">
    <subfield code="c">8733</subfield>
    <subfield code="d">8733</subfield>
  </datafield>
  <datafield tag="952" ind1=" " ind2=" ">
    <subfield code="0">0</subfield>
    <subfield code="1">0</subfield>
    <subfield code="2">CL</subfield>
    <subfield code="4">0</subfield>
    <subfield code="7">0</subfield>
    <subfield code="8">CG</subfield>
    <subfield code="a">BJHA</subfield>
    <subfield code="b">BJHA</subfield>
    <subfield code="c">CART</subfield>
    <subfield code="d">2026-06-30</subfield>
    <subfield code="i">25-02591</subfield>
    <subfield code="l">0</subfield>
    <subfield code="o">CT CM-0005 AMBC 2025</subfield>
    <subfield code="p">25-02591</subfield>
    <subfield code="r">2026-06-30 15:33:08</subfield>
    <subfield code="t">e.1</subfield>
    <subfield code="w">2026-06-30</subfield>
    <subfield code="y">T</subfield>
  </datafield>
</record>
